Active surveillance of child abuse fatalities (Record no. 61870)

MARC details
000 -CABECERA
campo de control de longitud fija 00701nam a2200253 a 4500
005 - FECHA Y HORA DE LA ÚLTIMA TRANSACCIÓN
campo de control 20210219152840.0
008 - ELEMENTOS DE LONGITUD FIJA--INFORMACIÓN GENERAL
campo de control de longitud fija 991125n 000 0 eng u
035 ## - NÚMERO DE CONTROL DEL SISTEMA
Número de control de sistema UPN01000062768
100 ## - ASIENTO PRINCIPAL--NOMBRE PERSONAL
Nombre de persona Schloesser, Patricia
222 ## - TÍTULO CLAVE
Título clave CHILD ABUSE AND NEGLECT :
Información calificativa THE INTERNATIONAL JOURNAL
245 ## - MENCIÓN DE TÍTULO
Título Active surveillance of child abuse fatalities
300 ## - DESCRIPCIÓN FÍSICA
Extensión 3-10
362 ## - FECHAS DE PUBLICACIÓN Y/O DESIGNACIÓN SECUENCIAL
Fecha de publicación y/o designación secuencial 1992 16, No. 1,
505 ## - NOTA DE CONTENIDO CON FORMATO PREESTABLECIDO
Nota de contenido con formato Septiembre 1992
653 0# - TERMINO DE INDIZACION - NO CONTROLADO
Término no controlado ANALISIS DE DATOS
653 0# - TERMINO DE INDIZACION - NO CONTROLADO
Término no controlado COLECCION DE DATOS
653 0# - TERMINO DE INDIZACION - NO CONTROLADO
Término no controlado MUERTE
653 0# - TERMINO DE INDIZACION - NO CONTROLADO
Término no controlado NIÑO MALTRATADO
653 0# - TERMINO DE INDIZACION - NO CONTROLADO
Término no controlado REGISTROS CONFIDENCIALES
700 ## - ASIENTO SECUNDARIO--NOMBRE DE PERSONAL
Nombre de persona Pierpont, John
700 ## - ASIENTO SECUNDARIO--NOMBRE DE PERSONAL
Nombre de persona Poertner, John
904 ## - ELEMENTOS DE DATOS D LOCAL, LDD (RLIN)
a AC
b 000579
905 ## - TIPO DE MATERIAL
Tipo de material Articulo

No items available.